Statistics for Hollow Knight Tiles Quiz

Click here to take the quiz!

General Stats

  • This quiz has been taken 18 times
  • The average score is 49 of 68

Answer Stats

QuestionTileSelect?% Correct
DLC added thingsLongnail
100%
DLC added thingsTraitor Lord
100%
DLC added thingsNosk
100%
NPC'sThe Knight
94%
Items required for 112%Pantheon of the Master
94%
Items required for 112%Herrah the Beast
94%
Sub-AreasFog Canyon
94%
Items required for 112%Dying
94%
Items required for 112%Monomon the Teacher
94%
Items required for 112%Lurien the Watcher
94%
Sub-AreasCrystal Peak
94%
Items required for 112%Shade Cloak
94%
DLC added thingsDeep Focus
94%
NPC'sThe Huntress
94%
NPC'sCollector
94%
Sub-AreasKingdom's Edge
94%
EndingsEmbrace the Void
94%
DLC added thingsHornet Playable Character
94%
DLC added thingsDashmaster
94%
NPC'sQuirrel
88%
Items required for 112%Defeating False Knight
88%
NPC'sCrystal Guardian
88%
DLC added thingsGrimmchild
88%
Sub-AreasIsma's Grove
88%
DLC added thingsWhite Palace
88%
NPC'sSeth
88%
NPC'sThe old stag
88%
Sub-AreasForest of Bones
88%
Sub-AreasSoul Sanctum
88%
EndingsSealed Siblings
88%
Sub-AreasMantis Village
88%
NPC'sWhite Lady
81%
Sub-AreasDirtmouth
81%
Sub-AreasHidden Station
81%
Sub-AreasThe Hive
81%
Items required for 112%Traitor Lord
81%
DLC added thingsGodhome
75%
NPC'sSeer
75%
Items required for 112%Joni's Blessing
75%
NPC'sThe Hunter
75%
Items required for 112%Path of Pain
75%
Sub-AreasSpirits Glade
75%
Items required for 112%Hollow Knight
69%
Items required for 112%Hunter's Journal
69%
Sub-AreasStag Nest
69%
Items required for 112%Grubs
63%
Items required for 112%Pantheon of Hallownest
63%
DLC added thingsPath of Pain
63%
DLC added thingsHive Knight
63%
Sub-AreasGodhome
63%
EndingsThe Hollow Knight
63%
DLC added thingsNKG
56%
Sub-AreasThe Abyss
56%
NPC'sZe'mer
56%
EndingsNo more Dreams
50%
DLC added thingsLifeblood
50%
DLC added thingsSprintmaster
50%
Items required for 112%Radiance
50%
Sub-AreasWhite Palace
50%
DLC added thingsHidden Station
31%
DLC added thingsCharm Notch
31%
Items required for 112%Love Key
31%
Sub-AreasCity Storerooms
25%
NPC'sHornet
19%
NPC'sMato
13%
NPC'sOro
13%
NPC'sSheo
13%
NPC'sSly
13%

Score Distribution

Percentile by Number Answered

Percent of People with Each Score

Your Score History

You have not taken this quiz